[Event "Gibraltar Masters"]
[Site "Caleta ENG"]
[Date "2011.01.29"]
[Round "5.60"]
[White "Zaremba, Andrie"]
[Black "Becking, Franz Josef"]
[Result "1-0"]
[WhiteTitle "FM"]
[WhiteElo "2339"]
[BlackElo "2029"]
[WhiteFideId "2014513"]
[BlackFideId "4632540"]
[EventDate "2011.01.25"]
[EventType "swiss"]

1. d4 d5 2. Nf3 Nf6 3. c4 e6 4. Nc3 Be7 5. g3 b6 6. Bg2 Bb7 7. Ne5 Nbd7 8. Qa4
c6 9. Bf4 Nxe5 10. Bxe5 O-O 11. O-O a6 12. Rac1 Ng4 13. Bf4 Bd6 14. Bxd6 Qxd6
15. c5 Qd8 16. e4 b5 17. Qd1 Nf6 18. e5 Nd7 19. b4 a5 20. a3 axb4 21. axb4 f6
22. exf6 Nxf6 23. Re1 Bc8 24. Bh3 Re8 25. Re5 Ra7 26. Qe2 Rae7 27. f4 Kh8 28.
Re1 g6 29. Nb1 Ng8 30. Nd2 Nh6 31. Nf3 Nf7 32. Re3 Kg7 33. Ne5 Nxe5 34. Rxe5 Qc7
35. f5 gxf5 36. Bxf5 Kh8 37. Qh5 exf5 38. Qxe8+ 1-0

[Event "Gibraltar Masters"]
[Site "Caleta ENG"]
[Date "2011.01.29"]
[Round "5.61"]
[White "Estrada Nieto, Julian"]
[Black "Memarian, Milad"]
[Result "1-0"]
[WhiteTitle "IM"]
[WhiteElo "2309"]
[BlackElo "2028"]
[WhiteFideId "5101018"]
[BlackFideId "12503193"]
[EventDate "2011.01.25"]
[EventType "swiss"]

1. e4 c5 2. Nf3 e6 3. c3 d5 4. exd5 exd5 5. d4 Nc6 6. Bb5 Bd6 7. dxc5 Bxc5 8.
O-O Ne7 9. Nbd2 O-O 10. Nb3 Bd6 11. Re1 Bg4 12. Be2 Re8 13. Nfd4 Bxe2 14. Rxe2
a6 15. Bg5 h6 16. Bxe7 Nxe7 17. Qc2 Qd7 18. Rae1 Nc6 19. Qf5 Rxe2 20. Rxe2 Qxf5
21. Nxf5 Bf8 22. Rd2 Rd8 23. Ne3 Ne5 24. f4 Ng6 25. g3 Re8 26. Kf2 Bd6 27. Rxd5
Bb8 28. Rd7 Ba7 29. Nd4 Re7 30. Rxe7 Nxe7 31. Kf3 g6 32. Ke4 f5+ 33. Ke5 Nc6+
34. Nxc6 Bxe3 35. Nd4 Bg1 36. Nf3 Bb6 37. Kf6 Kh7 38. Kf7 Bd8 39. Nd4 h5 40. Ne6
Bb6 41. Nf8+ Kh6 42. Nxg6 Bg1 43. h4 1-0

[Event "Gibraltar Masters"]
[Site "Caleta ENG"]
[Date "2011.01.29"]
[Round "5.62"]
[White "Forsaa, Espen"]
[Black "Spanton, Tim R"]
[Result "0-1"]
[WhiteTitle "FM"]
[WhiteElo "2306"]
[BlackElo "2007"]
[WhiteFideId "1504436"]
[BlackFideId "404802"]
[EventDate "2011.01.25"]
[EventType "swiss"]

1. e4 c5 2. Nf3 Nc6 3. d4 cxd4 4. Nxd4 g6 5. Nc3 Bg7 6. Be3 Nf6 7. Bc4 Qa5 8.
O-O O-O 9. Nb3 Qc7 10. Bg5 a6 11. Re1 b5 12. Bf1 Ne5 13. f4 Qa7+ 14. Qd4 Nc6 15.
Qxa7 Rxa7 16. e5 Ne8 17. a4 b4 18. Nd5 f6 19. exf6 Nxf6 20. Nb6 Nh5 21. Bxe7
Nxe7 22. Rxe7 Bf6 23. Re4 Bxb2 24. Rd1 Bc3 25. Nxc8 Rxc8 26. Rc4 Rf8 27. g3 Nf6
28. Rd6 Kf7 29. Rd1 Re8 30. Rc5 Ng4 31. Bd3 Be1 32. Rg5 Bf2+ 33. Kh1 Ne3 34. Rd2
Be1 35. Re2 Bc3 36. Kg1 d5 37. Kf2 d4 38. Kf3 Kf6 39. h4 Ree7 40. Ra5 Re6 41. h5
gxh5 42. Rxh5 Rg7 43. Rh6+ Ke7 44. Rxe6+ Kxe6 45. Rh2 Be1 0-1

[Event "Gibraltar Masters"]
[Site "Caleta ENG"]
[Date "2011.01.29"]
[Round "5.63"]
[White "Scholzen, Wolfgang"]
[Black "Wahlbom, Magnus"]
[Result "1-0"]
[WhiteElo "2057"]
[BlackElo "2305"]
[WhiteFideId "24637629"]
[BlackFideId "1700685"]
[EventDate "2011.01.25"]
[EventType "swiss"]

1. e4 e6 2. d4 d5 3. Nc3 Bb4 4. e5 b6 5. a3 Bf8 6. Bb5+ c6 7. Bd3 Ba6 8. Bxa6
Nxa6 9. Qd3 Nc7 10. h4 h5 11. Bg5 Qd7 12. Nf3 Ne7 13. Bxe7 Bxe7 14. Ng5 Rh6 15.
O-O-O c5 16. dxc5 bxc5 17. f4 c4 18. Qd4 Nb5 19. Nxb5 Qxb5 20. Rh3 Bc5 21. Qc3
d4 22. Qf3 Rb8 23. Kd2 Qa5+ 24. Kc1 c3 25. Qc6+ Ke7 26. Rxc3 Bb6 27. Qd6+ 1-0

[Event "Gibraltar Masters"]
[Site "Caleta ENG"]
[Date "2011.01.29"]
[Round "5.64"]
[White "Piasetski, Leon"]
[Black "Cebada Benitez, Fernando"]
[Result "1-0"]
[WhiteTitle "IM"]
[WhiteElo "2303"]
[BlackElo "1997"]
[WhiteFideId "2600072"]
[BlackFideId "2224674"]
[EventDate "2011.01.25"]
[EventType "swiss"]

1. c4 Nf6 2. Nc3 e6 3. Nf3 Bb4 4. Qc2 c5 5. a3 Bxc3 6. Qxc3 Nc6 7. b4 b6 8. Bb2
d6 9. d4 cxb4 10. axb4 O-O 11. e3 Re8 12. Be2 e5 13. dxe5 dxe5 14. b5 Na5 15.
Nxe5 Ne4 16. Qc2 Bb7 17. O-O Qg5 18. f4 Qh4 19. c5 Nxc5 20. Rxa5 Rad8 21. Rxa7
Bd5 22. Bc4 1-0

[Event "Gibraltar Masters"]
[Site "Caleta ENG"]
[Date "2011.01.29"]
[Round "5.65"]
[White "Nuri, Kambez"]
[Black "Costello, Colin A"]
[Result "1-0"]
[WhiteElo "2300"]
[BlackElo "1975"]
[WhiteFideId "1311433"]
[BlackFideId "403580"]
[EventDate "2011.01.25"]
[EventType "swiss"]

1. e4 e5 2. Nf3 Nc6 3. d4 exd4 4. Nxd4 Nf6 5. Nxc6 bxc6 6. Qe2 Qe7 7. e5 Nd5 8.
Nd2 g6 9. Nf3 Bg7 10. c4 Qb4+ 11. Qd2 Qxd2+ 12. Bxd2 Ne7 13. O-O-O Rb8 14. Ba5
d5 15. Bxc7 Rb7 16. Bd6 O-O 17. cxd5 cxd5 18. Ba6 Rd7 19. Bxc8 Rxc8+ 20. Kb1 Nc6
21. Rc1 h5 22. Rc5 Kh7 23. Rhc1 1-0

[Event "Gibraltar Masters"]
[Site "Caleta ENG"]
[Date "2011.01.29"]
[Round "5.66"]
[White "Calzetta Ruiz, Monica"]
[Black "Brown, David"]
[Result "1-0"]
[WhiteTitle "WGM"]
[WhiteElo "2284"]
[BlackElo "1923"]
[WhiteFideId "2204185"]
[BlackFideId "416150"]
[EventDate "2011.01.25"]
[EventType "swiss"]

1. e4 e5 2. Nf3 Nc6 3. Bb5 Nf6 4. Qe2 d6 5. c3 Bd7 6. O-O g6 7. d4 Qe7 8. d5 Nd8
9. Bxd7+ Nxd7 10. c4 Bg7 11. Nc3 O-O 12. Rb1 f5 13. b4 a5 14. a3 f4 15. Nb5 Nf6
16. c5 Ne8 17. cxd6 cxd6 18. bxa5 Rxa5 19. Bd2 Ra8 20. Bb4 Rf7 21. Rfc1 Bf8 22.
Rb3 Qf6 23. Rbc3 Rd7 24. Rc8 Rxc8 25. Rxc8 h5 26. h4 Be7 27. Ng5 Qg7 28. Qf3
Bxg5 29. hxg5 Qe7 30. Qh3 Kg7 31. Kf1 Nf7 32. Qe6 Nxg5 33. Qxe7+ Rxe7 34. Nxd6
Nxd6 35. Bxd6 Rd7 36. Bxe5+ Kf7 37. f3 1-0

[Event "Gibraltar Masters"]
[Site "Caleta ENG"]
[Date "2011.01.29"]
[Round "5.67"]
[White "Garcia Jimenez, Francisco Javier"]
[Black "Salomon, Johan"]
[Result "1-0"]
[WhiteTitle "FM"]
[WhiteElo "2274"]
[BlackElo "1836"]
[WhiteFideId "2231590"]
[BlackFideId "1509500"]
[EventDate "2011.01.25"]
[EventType "swiss"]

1. e4 c5 2. Nc3 Nc6 3. Bb5 Nd4 4. Bc4 g6 5. Nf3 Bg7 6. Nxd4 cxd4 7. Qf3 e6 8.
Nb5 d6 9. Qa3 Bf8 10. Nxd4 d5 11. Bb5+ Bd7 12. Qd3 a6 13. Bxd7+ Qxd7 14. Nf3
dxe4 15. Qxe4 Bg7 16. O-O Nf6 17. Qb4 Nd5 18. Qa3 Qc6 19. c3 Bf8 20. Qb3 Bg7 21.
d4 b5 22. Ne5 Qc7 23. Re1 O-O 24. Bd2 Nb6 25. Bf4 Qa7 26. Qc2 Rac8 27. Qe2 Rfd8
28. Rad1 Qb7 29. Nd3 Nd5 30. Be5 Bf8 31. Qf3 Be7 32. Rc1 Qa8 33. g4 Bg5 34. Rc2
Rc4 35. Nc5 Nb4 36. Qxa8 Rxa8 37. Rce2 Nd5 38. b3 Rxc3 39. Ne4 Be7 40. Nxc3 Nxc3
41. Rc2 b4 42. Bf4 Bf6 43. Be5 Bxe5 44. dxe5 Rd8 45. Kg2 Rd5 46. a3 a5 47. axb4
axb4 48. Re3 Kf8 49. f4 Rd7 50. Rf3 Rd1 51. Rcxc3 bxc3 52. Rxc3 Rb1 53. h3 Kg7
54. Kf2 h6 55. Ke3 Re1+ 56. Kd4 Rf1 57. Kc5 Rxf4 58. b4 Re4 59. b5 Rxe5+ 60. Kc6
h5 61. b6 Rd5 62. b7 Rd8 63. Kc7 Re8 64. g5 f6 65. h4 f5 66. Rd3 1-0

[Event "Gibraltar Masters"]
[Site "Caleta ENG"]
[Date "2011.01.29"]
[Round "5.68"]
[White "Malmdin, Nils-Ake"]
[Black "Hegvik, Leif Trygve"]
[Result "1/2-1/2"]
[WhiteElo "2272"]
[BlackElo "1814"]
[WhiteFideId "1701584"]
[BlackFideId "1507176"]
[EventDate "2011.01.25"]
[EventType "swiss"]

1. e4 e5 2. Nf3 Nc6 3. Bb5 a6 4. Ba4 Nf6 5. d4 exd4 6. O-O Be7 7. e5 Ne4 8. Nxd4
Nc5 9. Nf5 Ne6 10. Re1 O-O 11. Qg4 Kh8 12. Bb3 Rg8 13. Nc3 f6 14. Nd5 fxe5 15.
Ndxe7 Nxe7 16. Nxe7 Qxe7 17. Rxe5 b6 18. Bg5 Qe8 19. Bd5 Rb8 20. Be4 Rf8 21. Qh4
g6 22. Bd3 Qf7 23. Bd2 d6 24. Re4 Bb7 25. Bc3+ Kg8 26. Rg4 Nf4 27. Bf1 Rbe8 28.
f3 Ne2+ 29. Bxe2 Rxe2 30. Qh6 Rfe8 31. Rf4 Qe7 32. h4 Bc8 33. g4 Bd7 34. Rf1
Rxc2 35. h5 Rxc3 36. bxc3 Qh4 37. c4 Qg3+ 38. Kh1 1/2-1/2

[Event "Gibraltar Masters"]
[Site "Caleta ENG"]
[Date "2011.01.29"]
[Round "5.71"]
[White "Shepherd, Michael"]
[Black "Daurelle, Herve"]
[Result "0-1"]
[WhiteElo "1999"]
[BlackElo "2243"]
[WhiteFideId "2401444"]
[BlackFideId "602655"]
[EventDate "2011.01.25"]
[EventType "swiss"]

1. d4 Nf6 2. c4 e6 3. Nc3 c5 4. d5 exd5 5. cxd5 d6 6. e4 g6 7. f4 Bg7 8. Bb5+
Nbd7 9. e5 dxe5 10. fxe5 Nh5 11. e6 Qh4+ 12. g3 Nxg3 13. Nf3 Bxc3+ 14. bxc3 Qe4+
15. Kf2 Nxh1+ 16. Qxh1 fxe6 17. dxe6 O-O 18. exd7 Qh4+ 19. Kg1 Qg4+ 20. Qg2 Bxd7
21. Qxg4 Bxg4 22. Ne5 Be6 23. Bh6 Rf5 24. Re1 Rd8 25. Nxg6 Rf6 26. Rxe6 Rxe6 27.
Bc4 hxg6 28. Bxe6+ Kh7 29. Bf4 Rd3 30. Bc8 b6 31. Be5 Rd1+ 32. Kf2 Rd2+ 33. Ke3
Rxa2 34. c4 a5 35. Bc7 Rb2 36. Bd7 Rb4 37. Bb5 a4 38. Bxb6 a3 39. Bxc5 a2 40.
Bd4 Rb1 41. Bc6 Re1+ 42. Kd2 Rf1 43. h3 Rf4 44. Ba1 Rxc4 45. Bd5 Rc8 46. Be6 Rc6
47. Bb3 Kh6 48. Bd1 Rb6 49. Bg4 Rb1 50. Bf6 a1=Q 51. Bxa1 Rxa1 52. Ke2 Kg5 53.
Kf3 Ra3+ 54. Kg2 Kf4 55. Be6 Re3 56. Bg4 Rb3 57. Be2 Rb2 58. Kf2 g5 59. Kf1 Kg3
60. Bg4 Rb1+ 61. Ke2 Rh1 62. Bc8 Rxh3 63. Bxh3 Kxh3 64. Kf2 g4 65. Kg1 Kg3 0-1

[Event "Gibraltar Masters"]
[Site "Caleta ENG"]
[Date "2011.01.29"]
[Round "5.72"]
[White "Georgieva, Emilia"]
[Black "Meskovs, Nikita"]
[Result "0-1"]
[WhiteElo "1907"]
[BlackElo "2243"]
[WhiteFideId "2902451"]
[BlackFideId "11602740"]
[EventDate "2011.01.25"]
[EventType "swiss"]

1. d4 c5 2. d5 Nf6 3. Nc3 d6 4. e4 a6 5. Bg5 b5 6. Bxf6 exf6 7. f3 g6 8. Qd2 Bg7
9. h4 O-O 10. g4 b4 11. Nd1 f5 12. gxf5 gxf5 13. Qg5 Qxg5 14. hxg5 fxe4 15. fxe4
Re8 16. Bg2 Bf5 17. Rh4 Ra7 18. Kf1 Bg6 19. Rb1 f6 20. gxf6 Bxf6 21. Rg4 Nd7 22.
Rxg6+ hxg6 23. Kf2 Ne5 24. Ne3 Rf7 25. Ke2 Bh4 26. Rf1 Ref8 27. Kd1 Rxf1+ 28.
Bxf1 g5 29. Bh3 g4 30. Bg2 g3 31. Bh1 0-1

[Event "Gibraltar Masters"]
[Site "Caleta ENG"]
[Date "2011.01.29"]
[Round "5.73"]
[White "Compton, Alistair"]
[Black "Cramling, Pia"]
[Result "0-1"]
[BlackTitle "GM"]
[WhiteElo "2046"]
[BlackElo "2516"]
[WhiteFideId "4300645"]
[BlackFideId "1700030"]
[EventDate "2011.01.25"]
[EventType "swiss"]

1. e4 c5 2. c3 Nf6 3. e5 Nd5 4. d4 cxd4 5. Nf3 Nc6 6. cxd4 d6 7. Bc4 Nb6 8. Bb3
d5 9. Nh4 e6 10. Nf3 Be7 11. Nc3 Bd7 12. O-O a6 13. a3 Rc8 14. Bc2 Na7 15. Bd3
Nc4 16. Ne2 Qb6 17. Rb1 Na5 18. b4 Nc4 19. Nd2 Nb5 20. Nxc4 dxc4 21. Bc2 Bc6 22.
a4 Nc7 23. a5 Qa7 24. Nc3 Nd5 25. Nxd5 Bxd5 26. Qg4 g6 27. Be3 h5 28. Ba4+ Kf8
29. Qd1 Kg7 30. Qc1 b6 31. Rd1 Rb8 32. Bg5 bxa5 33. Bxe7 Qxe7 34. bxa5 Rxb1 35.
Qxb1 Qg5 36. g3 Qg4 37. Kf1 h4 38. Rd2 c3 0-1

[Event "Gibraltar Masters"]
[Site "Caleta ENG"]
[Date "2011.01.29"]
[Round "5.74"]
[White "Hoffmann, Michael1"]
[Black "Hamer, Martyn"]
[Result "1-0"]
[WhiteTitle "GM"]
[WhiteElo "2506"]
[BlackElo "2041"]
[WhiteFideId "4601297"]
[BlackFideId "413160"]
[EventDate "2011.01.25"]
[EventType "swiss"]

1. d4 Nf6 2. c4 e6 3. Nc3 d5 4. cxd5 exd5 5. Bg5 Be7 6. e3 O-O 7. Bd3 Nbd7 8.
Nge2 Re8 9. O-O Nf8 10. b4 c6 11. b5 Ne4 12. Bxe7 Qxe7 13. bxc6 bxc6 14. Bxe4
dxe4 15. Qa4 Bd7 16. Qa5 Qh4 17. Rab1 Re6 18. Qc7 f5 19. Rb8 Rxb8 20. Qxb8 Rh6
21. Rb1 g5 22. Qg3 Qh5 23. Rb8 Kf7 24. h3 f4 25. Nxf4 gxf4 26. Qxf4+ Rf6 27.
Rxf8+ 1-0

[Event "Gibraltar Masters"]
[Site "Caleta ENG"]
[Date "2011.01.29"]
[Round "5.75"]
[White "Haga, Halvor"]
[Black "Monroy, Charles"]
[Result "0-1"]
[BlackTitle "IM"]
[WhiteElo "2024"]
[BlackElo "2421"]
[WhiteFideId "1507532"]
[BlackFideId "621641"]
[EventDate "2011.01.25"]
[EventType "swiss"]

1. e4 c5 2. Nf3 Nc6 3. g3 g6 4. Bg2 Bg7 5. c3 d6 6. O-O Nf6 7. Re1 O-O 8. d3 Rb8
9. a4 b6 10. Nbd2 Ba6 11. Nc4 Nd7 12. Nfd2 Qc7 13. f4 e6 14. Qe2 Rbd8 15. Ne3
Rfe8 16. f5 Nde5 17. Ndc4 Qd7 18. Rf1 Qe7 19. fxe6 fxe6 20. Ng4 Nxc4 21. dxc4
Na5 22. Ne3 Nb3 23. Rb1 d5 24. Qc2 Nxc1 25. Qxc1 d4 26. cxd4 cxd4 27. Ng4 d3 28.
e5 d2 29. Qc3 Qc5+ 30. Kh1 Qxc4 31. Nf6+ Kh8 32. Qxc4 Bxc4 33. Nxe8 Bxf1 34. Nd6
Bxg2+ 35. Kxg2 Kg8 36. Rd1 Bxe5 37. Nc4 Bg7 38. Kf3 Bh6 39. Ke2 Rd4 40. b3 Rd5
41. Rf1 Kg7 42. Rd1 Kf6 43. Rf1+ Ke7 44. Rd1 Kd7 45. Nb2 Kd6 46. Rf1 Re5+ 47.
Kd1 Rf5 48. Rh1 Rf3 49. Kc2 Kd5 0-1

[Event "Gibraltar Masters"]
[Site "Caleta ENG"]
[Date "2011.01.29"]
[Round "5.76"]
[White "Obiamiwe, Paul"]
[Black "Bergstrom, Rolf"]
[Result "0-1"]
[BlackTitle "FM"]
[WhiteElo "2015"]
[BlackElo "2307"]
[WhiteFideId "8500215"]
[BlackFideId "1702386"]
[EventDate "2011.01.25"]
[EventType "swiss"]

1. Nf3 b6 2. c4 Bb7 3. g3 f5 4. Bg2 Nf6 5. O-O g6 6. Nc3 Bg7 7. d4 O-O 8. d5 Na6
9. Be3 Nc5 10. Bd4 a5 11. Rc1 Rb8 12. b3 e6 13. Qc2 Qe7 14. Rfd1 d6 15. Bxc5
bxc5 16. Ng5 e5 17. Ne6 Rfc8 18. Qd2 Ng4 19. h3 Bh6 20. e3 Nf6 21. Nb5 Ra8 22.
Nc3 Rcb8 23. Nb5 Ne8 24. f4 e4 25. g4 Bc8 26. gxf5 gxf5 27. Ng5 Bxg5 28. fxg5
Qxg5 29. Kh2 Qf6 30. Rg1 Kh8 31. Kh1 Bd7 32. Nc3 Ng7 33. Qf2 Rf8 34. Rgf1 Qe7
35. Ne2 Nh5 36. Rc2 Rg8 37. Rg1 Rg6 38. Nf4 Nxf4 39. Qxf4 Rag8 40. Rcc1 Qg7 41.
Rc2 Rg3 42. Kh2 Qg6 43. Re2 Rxh3+ 0-1

[Event "Gibraltar Masters"]
[Site "Caleta ENG"]
[Date "2011.01.29"]
[Round "5.78"]
[White "Bauder, Herbert"]
[Black "Nikolaidis, Konstantinos"]
[Result "0-1"]
[BlackTitle "FM"]
[WhiteElo "2005"]
[BlackElo "2284"]
[WhiteFideId "4685431"]
[BlackFideId "4200578"]
[EventDate "2011.01.25"]
[EventType "swiss"]

1. d4 Nf6 2. c4 g6 3. Nc3 Bg7 4. e4 d6 5. Nf3 O-O 6. Be2 Nbd7 7. O-O e5 8. Re1
Re8 9. Bf1 c6 10. d5 c5 11. a3 Nh5 12. g3 Bf8 13. b4 Be7 14. Bd3 Ng7 15. Bh6 Rf8
16. Qc2 b6 17. b5 Nf6 18. Nd2 Ng4 19. Bxg7 Kxg7 20. Nf1 f5 21. Be2 h5 22. f3 Nh6
23. Nd2 Bg5 24. Nf1 f4 25. Nd1 fxg3 26. hxg3 Qf6 27. Nf2 h4 28. g4 Nxg4 29. Nxg4
Bxg4 30. fxg4 Qf2+ 31. Kh1 Rf3 32. Bxf3 Qxc2 33. Nh2 Rf8 34. Rf1 h3 0-1

[Event "Gibraltar Masters"]
[Site "Caleta ENG"]
[Date "2011.01.29"]
[Round "5.80"]
[White "Flores Chico, Jorge"]
[Black "Montero Melendez, Rafael"]
[Result "0-1"]
[WhiteElo "1999"]
[BlackElo "2265"]
[WhiteFideId "2231310"]
[BlackFideId "2221772"]
[EventDate "2011.01.25"]
[EventType "swiss"]

1. e4 d6 2. d4 Nf6 3. Nc3 g6 4. Bf4 c6 5. Bd3 Qa5 6. Qd2 Nbd7 7. Nf3 e5 8. Bg5
h6 9. dxe5 dxe5 10. Bh4 Bg7 11. O-O O-O 12. Nd5 Qxd2 13. Ne7+ Kh7 14. Nxd2 Nc5
15. Nxc8 Raxc8 16. Bxf6 Bxf6 17. Bc4 b5 18. Bb3 Rcd8 19. Rad1 a5 20. a3 Rd4 21.
Nf3 Rxe4 22. Rd6 Kg7 23. Rxc6 Nxb3 24. cxb3 Re2 25. Rb1 e4 26. Ne1 Rd8 27. Rc2
Rdd2 28. Rxd2 Rxd2 29. b4 axb4 30. axb4 Bxb2 0-1

[Event "Gibraltar Masters"]
[Site "Caleta ENG"]
[Date "2011.01.29"]
[Round "5.83"]
[White "Valhondo Morales, Ruben"]
[Black "Vogel, Jaap"]
[Result "0-1"]
[BlackTitle "FM"]
[WhiteElo "1948"]
[BlackElo "2207"]
[WhiteFideId "22202692"]
[BlackFideId "1000764"]
[EventDate "2011.01.25"]
[EventType "swiss"]

1. d4 e6 2. c4 f5 3. Nc3 Nf6 4. Nf3 d5 5. Bf4 Bd6 6. e3 O-O 7. Bd3 Ne4 8. Qc2
Nc6 9. a3 Bxf4 10. exf4 Qd6 11. g3 Bd7 12. c5 Qe7 13. b4 Be8 14. Ne2 Bh5 15.
Nfg1 Qf6 16. Qb2 a5 17. Bb5 axb4 18. Bxc6 bxc6 19. axb4 Rxa1+ 20. Qxa1 Qd8 21.
f3 Qb8 22. fxe4 Qxb4+ 23. Kf2 fxe4 24. Nh3 Qd2 25. Re1 Qd3 26. Qc3 Bxe2 27. Qxd3
Bxd3 28. Ra1 h6 29. Ke3 Rb8 30. Nf2 Rb3 31. Ng4 Bc4+ 32. Kf2 Rd3 33. Ra8+ Kh7
34. h4 h5 35. Ne5 Rxd4 36. Ke3 Rd1 37. Nxc4 dxc4 38. Kxe4 c3 39. Ra2 Rd5 40. Ra1
c2 41. Rc1 Rxc5 42. Kd4 Rd5+ 43. Ke3 Rc5 44. Kd4 Rd5+ 45. Ke3 Kg6 46. Rxc2 c5
47. Ke4 Kf6 48. Rc1 Ke7 49. g4 hxg4 50. Rg1 Kf6 51. Rxg4 c4 52. Rg1 c5 53. h5
Rxh5 54. Ke3 Rd5 55. Rc1 Rd3+ 56. Ke4 Rd4+ 57. Ke3 Kf5 58. Rg1 Rd3+ 59. Ke2 Kxf4
60. Rxg7 Ke4 61. Rg5 e5 62. Rg4+ Kd5 63. Rh4 e4 64. Rg4 c3 0-1

[Event "Gibraltar Masters"]
[Site "Caleta ENG"]
[Date "2011.01.29"]
[Round "5.84"]
[White "Jaunooby, Ali R"]
[Black "Henrichsen, Jens"]
[Result "1-0"]
[WhiteElo "2207"]
[BlackElo "1925"]
[WhiteFideId "413291"]
[BlackFideId "1401858"]
[EventDate "2011.01.25"]
[EventType "swiss"]

1. d4 Nf6 2. Nf3 e6 3. Bg5 h6 4. Bh4 b6 5. Nbd2 Bb7 6. e3 g6 7. Bd3 Bg7 8. Qe2
O-O 9. e4 Qc8 10. c3 d5 11. e5 Nfd7 12. Qe3 Re8 13. Bg3 Ba6 14. Bc2 c5 15. Rc1
Nc6 16. Nb3 cxd4 17. cxd4 Qb7 18. a3 Rac8 19. Bb1 Na5 20. Nfd2 Rxc1+ 21. Nxc1
Rc8 22. Ne2 Nc4 23. Nxc4 Bxc4 24. Bf4 h5 25. h3 Qa6 26. Nc3 Rc7 27. g4 hxg4 28.
hxg4 Qc8 29. Bg5 Ba6 30. Qf3 Rc4 31. Ne2 Kf8 32. Bxg6 Qe8 33. Bd3 Qc8 34. Bg6
Qe8 35. Rh7 Rxd4 36. Bh6 Nxe5 37. Qf6 1-0

[Event "Gibraltar Masters"]
[Site "Caleta ENG"]
[Date "2011.01.29"]
[Round "5.85"]
[White "Helin, Mikael"]
[Black "Becker, Thomas1"]
[Result "1-0"]
[WhiteElo "1914"]
[BlackElo "2031"]
[WhiteFideId "1703838"]
[BlackFideId "4624904"]
[EventDate "2011.01.25"]
[EventType "swiss"]

1. e4 c5 2. Nc3 e6 3. Nge2 a6 4. g3 b6 5. Bg2 Bb7 6. O-O d6 7. d3 Nf6 8. h3 Nbd7
9. f4 Qc7 10. Rb1 Be7 11. a3 O-O 12. g4 b5 13. Ng3 Rfc8 14. g5 Ne8 15. f5 Ne5
16. h4 b4 17. Nce2 d5 18. Nf4 exf5 19. exf5 Rd8 20. Qe2 Bf8 21. Re1 Nd7 22. h5
Nb6 23. f6 Qd7 24. Bh3 Qc6 25. Nf5 d4 26. Kh2 Nxf6 27. gxf6 Qxf6 28. Qg4 Kh8 29.
Bd2 Nd5 30. Nxd5 Rxd5 31. Bg5 Qb6 32. Rg1 g6 33. Rbf1 Re8 34. Ng3 Qc7 35. hxg6
hxg6 36. Rf4 f5 37. Bf6+ Bg7 38. Qxg6 Rd7 39. Qxe8+ 1-0

[Event "Gibraltar Masters"]
[Site "Caleta ENG"]
[Date "2011.01.29"]
[Round "5.86"]
[White "Osuna Vega, Enrique"]
[Black "Gillespie, Gary"]
[Result "1-0"]
[WhiteTitle "CM"]
[WhiteElo "2140"]
[BlackElo "1848"]
[WhiteFideId "2219549"]
[BlackFideId "2402777"]
[EventDate "2011.01.25"]
[EventType "swiss"]

1. e4 c5 2. Nf3 d6 3. d4 Nf6 4. Nc3 cxd4 5. Nxd4 a6 6. Be3 e5 7. Nb3 Be6 8. f3
Nbd7 9. g4 b5 10. g5 Nh5 11. Qd2 Rc8 12. O-O-O Be7 13. Rg1 Qc7 14. Qf2 b4 15.
Nd5 Bxd5 16. Rxd5 O-O 17. Kb1 Nc5 18. Nxc5 dxc5 19. Bxa6 Ra8 20. Bc4 Nf4 21.
Bxf4 exf4 22. h4 Rad8 23. Rgd1 Rxd5 24. Rxd5 Rd8 25. Qd2 Rxd5 26. Qxd5 Bd6 27.
e5 Bxe5 28. Qa8+ Qb8 29. Qc6 Qd8 30. Bd5 Bd4 31. h5 g6 32. hxg6 hxg6 33. Qxg6+
Kh8 34. Qh5+ Kg7 35. Qxf7+ Kh8 36. Qh5+ Kg7 37. Qh6# 1-0

[Event "Gibraltar Masters"]
[Site "Caleta ENG"]
[Date "2011.01.29"]
[Round "5.87"]
[White "Hvenekilde, Jorgen"]
[Black "Leimeister, Winfried"]
[Result "1-0"]
[WhiteTitle "FM"]
[WhiteElo "2121"]
[BlackElo "1906"]
[WhiteFideId "1400649"]
[BlackFideId "24653721"]
[EventDate "2011.01.25"]
[EventType "swiss"]

1. d4 g6 2. e4 Bg7 3. Nc3 d6 4. Be3 Nf6 5. Be2 c6 6. g4 Qa5 7. f3 h5 8. g5 Nh7
9. Qd2 b5 10. f4 Nd7 11. Nf3 Nb6 12. b3 Bg4 13. O-O Rc8 14. a3 Nf8 15. b4 Qa6
16. a4 Nc4 17. Bxc4 bxc4 18. Ne2 Qb7 19. Rab1 Qd7 20. c3 Bh3 21. Rf2 h4 22. Kh1
Rb8 23. Neg1 Be6 24. Qe1 Qb7 25. h3 c5 26. d5 Bd7 27. Rfb2 Bxa4 28. bxc5 Bb3 29.
c6 Qc7 30. Bd4 e5 31. fxe5 dxe5 32. Bc5 Rb5 33. Qe3 a5 34. Nd2 Nh7 35. Nxc4 a4
36. Nd6+ Kd8 37. Nxb5 1-0

[Event "Gibraltar Masters"]
[Site "Caleta ENG"]
[Date "2011.01.29"]
[Round "5.88"]
[White "Steil-Antoni, Fiona"]
[Black "Lee, Kai Jie Edward"]
[Result "1-0"]
[WhiteTitle "WIM"]
[WhiteElo "2118"]
[BlackElo "1833"]
[WhiteFideId "4001249"]
[BlackFideId "5802920"]
[EventDate "2011.01.25"]
[EventType "swiss"]

1. e4 e5 2. Bc4 Nf6 3. d3 Nc6 4. Nc3 Bb4 5. Ne2 d5 6. exd5 Nxd5 7. Bxd5 Qxd5 8.
O-O Qd8 9. f4 Bg4 10. h3 Bc5+ 11. Kh2 Nd4 12. fxe5 Qh4 13. Rf4 h5 14. Nxd4 g5
15. Nf3 gxf4 16. Nxh4 Bxd1 17. Nxd1 Kd7 18. Bxf4 Ke6 19. c3 Be7 20. Nf3 Rad8 21.
d4 Kf5 22. Bg3 c5 23. Ne3+ Ke4 24. Re1 cxd4 25. Nxd4 Kd3 26. Nef5 Bc5 27. Nd6
Rd7 28. Rf1 Bxd6 29. exd6 h4 30. Rf3+ Ke4 31. Bf4 Rh5 32. Ne2 f5 33. Re3+ Kd5
34. Nd4 Rh8 35. b3 Kc5 36. Re5+ Kb6 37. Rb5+ Ka6 38. Rxf5 Rc8 39. Ne6 b6 40. Nf8
Rdd8 41. d7 Rxc3 42. Bg5 Rxd7 43. Nxd7 Rc2 44. a4 b5 45. Nb8+ Kb7 46. Rxb5+ Ka8
47. Nd7 Rc8 48. Rb8+ 1-0

[Event "Gibraltar Masters"]
[Site "Caleta ENG"]
[Date "2011.01.29"]
[Round "5.89"]
[White "Messam-Sparks, Lateefah"]
[Black "Dasaolu, Adeoye"]
[Result "1-0"]
[WhiteElo "1904"]
[BlackElo "2107"]
[WhiteFideId "470813"]
[BlackFideId "416061"]
[EventDate "2011.01.25"]
[EventType "swiss"]

1. d4 Nf6 2. c4 c5 3. d5 b5 4. cxb5 a6 5. bxa6 d6 6. Nc3 g6 7. e4 Bg7 8. Qa4+
Nfd7 9. a7 Na6 10. Nb5 O-O 11. Ne2 f5 12. Nec3 fxe4 13. Nxe4 Nb4 14. Qb3 Nb6 15.
Bd2 Kh8 16. h4 h6 17. Bxb4 cxb4 18. a3 Bb7 19. axb4 Bxd5 20. Qc2 Qd7 21. Nec3
Qe6+ 22. Qe2 Rac8 23. Qxe6 Bxe6 24. Bd3 Rf4 25. O-O Bf6 26. Ra6 Na8 27. Be4 Bc4
28. Bxa8 Rxa8 29. Rfa1 Bxc3 30. bxc3 Bxb5 31. Rb6 Bd7 32. Rb8+ 1-0